000 00501nam a2200193Ia 4500
003 GCL
008 140319s9999 xx 000 0 ara d
040 _aGCL /
_cGCL
082 0 4 _aق
_b962.02
_bهـ ب
100 1 _aفؤاد اندراوس
245 1 0 _aبونابرت فى مصر /
_cفؤاد اندراوس
700 1 _aمحمد احمد انيس
700 1 _aهيرولد, كرستوفر
300 _a559 ص
490 _a
650 0 4 _aمصر
650 0 4 _aتاريخ
942 _2ddc
_cBK
999 _c45278
_d45278